Taylor Swift - Chansons de l'album Speak Now - Statistiques

Statistiques générales
  • Ce quiz a été pris 914 fois
    850 depuis la dernière actualisation
  • Le résultat moyen est 17 sur 23
Statistiques - réponses
Hint Réponse % Correct
Album Original 4 Speak Now
93%
Album Original 9 Enchanted
91%
Album Original 1 Mine
89%
Album Original 3 Back To December
86%
Album Original 14 Long Live
86%
Album Original 6 Mean
85%
Album Original 2 Sparks Fly
85%
Album Original 5 Dear John
83%
Album Original 10 Better Than Revenge
82%
Taylor's Version 18 When Emma Falls in Love
81%
Album Original 12 Haunted
80%
Taylor's Version 19 I Can See You
79%
Taylor's Version 20 Castles Crumbling
74%
Taylor's Version 17 Electric Touch
72%
Album Original 13 Last Kiss
70%
Album Original 15 Ours
70%
Album Original 7 The Story Of Us
70%
Album Original 16/17 Superman
69%
Taylor's Version 22 Timeless
68%
Album Original 11 Innocent
65%
Taylor's Version 21 Foolish One
59%
Album Original 8 Never Grow Up
59%
Album Original 16 If This Was A Movie
30%
Aucun quiz correspondant
Distribution des résultats
% des personnes avec chaque résultat
Percentile par nombre de réponses
Votre historique - résultats
Vous n’avez pas pris ce quiz depuis la dernière actualisation